000
00201 a2200097 4500
001
35134
100
_a
S U F
245
_a
Seyasi Batin
260
_a
Lahore
_b
Maqbool Academy
_c
090
_c
23278
_d
23278
942
_a
NUST-CAE
_c
M
_c
14756
999
_c
270207
_d
270207